000 00650nam a2200229Ia 4500
005 20260320201817.0
008 008 262003s9999 xx 000 0 eng d
037 _aEBOOK
040 _aCRL
040 _beng
040 _cCRL
041 _2eng
041 _aeng
084 _qCRL
100 _aDoshi
245 0 _aCISA – Certified Information Systems Auditor Study Guide.: Achieve CISA certification with practical examples and over 850 exam-oriented practice questions
260 _bIEEE
856 _uhttps://ieeexplore.ieee.org/servlet/opac?bknumber=10251353
942 _cEBOOK
999 _c1723666
_d1723666